| 000 | 00836nam a2200229Ii 4500 | ||
|---|---|---|---|
| 003 | JO-AjNU | ||
| 008 | 230605s9999||||xx |||||||||||||| ||und|| | ||
| 017 | _a2009/2/680 | ||
| 020 | _a978-9957-11-803-7 | ||
| 040 |
_aJO-AjNU _bara _erda _cJO-AjNU |
||
| 041 | _aara | ||
| 050 | 1 | 4 | _aHB180.A7.S52.2009 |
| 100 | 3 |
_aالشمري،خالد توفيق/طاهر فاضل البياتي, _eauthor _928946 |
|
| 245 | 0 | 0 | _aمدخل الى علم الاقتصاد :التحليل الجزئي والكلي |
| 250 | _aط1 | ||
| 264 | 3 | 1 | _aعمان:دار وائل للنشر والتوزيع،2009 |
| 300 | _a519ص | ||
| 336 |
_atext _btxt _2rdacontent |
||
| 337 |
_aunmediated _bn _2rdamedia |
||
| 338 |
_avolume _bnc _2rdacarrier |
||
| 650 | 4 |
_aالاقتصاد المالي-الاقتصاد الجزئي-الاقتصاد الكلي _928947 |
|
| 999 |
_aA11291 _c14859 _d14859 |
||